| 000 | 01401nad a2200385 a 4500 | ||
|---|---|---|---|
| 001 | MIU01000000000000003865612 | ||
| 003 | MiU | ||
| 005 | 20231010141024.0 | ||
| 007 | cr mnummmmuuuu | ||
| 008 | 031027s1985 enk sb 001 0 eng d | ||
| 020 | _z0198148666 | ||
| 024 | 7 |
_a2027/heb01429 _2hdl |
|
| 040 |
_aMiU _cMiU |
||
| 090 |
_aDG231.3 _b(INTERNET) |
||
| 100 | 1 |
_aHarris, William V. _q(William Vernon) _934743 |
|
| 245 | 1 | 0 |
_aWar and imperialism in Republican Rome, 327-70 B.C. _h[electronic resource] / _cby William V. Harris. |
| 300 |
_ax, 293 p. ; _c22 cm. |
||
| 500 | _a"With a new preface and additional bibliography"--Cover. | ||
| 504 | _aIncludes bibliography (p. [274]-282) and index. | ||
| 651 | 0 |
_aRome _xHistory _yRepublic, 510-30 B.C. _934744 |
|
| 651 | 0 |
_aRome _xForeign relations _y510-30 B.C. _934745 |
|
| 830 | 0 |
_aACLS Fellows’ publications. _934746 |
|
| 830 | 0 |
_aACLS Humanities E-Book. _934747 |
|
| 856 | 4 | 0 |
_zVolltext _uhttps://hdl.handle.net/2027/heb01429 |
| 942 | _cEB | ||
| 500 | _aE-Book-ACLS / Zugriff nur im DHI-Lesesaal | ||
| 653 | _aWar. | ||
| 653 | _aImperialism. | ||
| 336 |
_2rdacontent _btxt _aText |
||
| 337 |
_2rdamedia _bbc _aComputermedien |
||
| 338 |
_2rdacarrier _bcr _aOnline Ressource |
||
| 264 |
_aOxford : _bClarendon Press ; _c1985. |
||
| 041 | _aeng | ||
| 500 | _aAmerican Council of Learned Societies/ https://www.humanitiesebook.org/about/ | ||
| 999 |
_c64817 _d64817 |
||